| 000 | 03034cam a22005294i 4500 | ||
|---|---|---|---|
| 003 | PE-LiUPU | ||
| 005 | 20250731173319.0 | ||
| 008 | 150625s2003 ck r 000 0 spa d | ||
| 020 | _a0789911418 | ||
| 035 | _a(Sirsi) i9780789911414 | ||
| 040 |
_aPE-LiUPU _bspa _cPE-LiUPU _erda |
||
| 049 | _aPRUA | ||
| 082 | 0 | 4 |
_a270.6 _bG69 _221 |
| 100 | 1 |
_aGonzález, Justo L., _eautor. |
|
| 245 | 1 | 0 |
_aHistoria de la Reforma / _cJusto L. González. |
| 264 | 1 |
_aBogotá : _bUnilit, _c2003. |
|
| 300 |
_a306 páginas ; _c21 centímetros |
||
| 336 |
_atext _2rdacontent |
||
| 337 |
_aunmediated _2rdamedia |
||
| 338 |
_avolume _2rdacarrier |
||
| 500 | _aEn la cubierta: "Un estudio programado por la Facultad Latinoamericana de Estudios Teológicos"; "Un estudio de los eventos que conllevaron a la Reforma Protestante". | ||
| 505 | 0 | _aIsabel la Católica -- Martín Lutero: camino hacia la reforma -- La teología de Martín Lutero -- Una década de incertidumbre -- Ulrico Zwinglio y la reforma en Suiza -- El movimiento anabaptista -- Juan Calvino -- La reforma en la Gran Bretaña -- El curso posterior del luteranismo -- La reforma en los países bajos -- El protestantismo en Francia -- La reforma católica -- El protestantismo español -- Una edad convulsa -- Isabel la Católica -- Un nuevo mundo. | |
| 526 | _aSEG42 | ||
| 526 | _aSEG41 | ||
| 526 | _aSEG40 | ||
| 526 | _aSEG39 | ||
| 526 | _aP94 | ||
| 526 | _aP87 | ||
| 526 | _aP86 | ||
| 526 | _aP85 | ||
| 526 | _aP77 | ||
| 526 | _aP76 | ||
| 526 | _aP35 | ||
| 541 | _g101-011821; | ||
| 541 | _g003-0003441; | ||
| 541 | _g003-00032; | ||
| 650 | 0 | 4 |
_aIglesia _xHistoria _yReforma. |
| 942 |
_2ddc _cBOOK |
||
| 949 |
_a270.6 G69 _wDEWEY _c1 _i56930 _d2016-10-26 _e2016-10-20 _lCCODEBUL1 _mBUL _n15 _r0 _sY _tBOOK _u2015-6-25 _xTEOLOGIA _PP35 _0COMPRA _o.STAFF. Colección General |
||
| 949 |
_a270.6 G69 _wDEWEY _c2 _i57351 _d2016-11-25 _e2016-11-21 _lCCODEBUL1 _mBUL _n6 _p55.00 _r0 _sY _tBOOK _u2015-6-25 _xTEOLOGIA _zUNKNOWN _0COMPRA _o.STAFF. Colección General |
||
| 949 |
_a270.6 G69 _wDEWEY _c3 _i57668 _d2016-10-20 _e2016-10-19 _lCCODEBUL1 _mBUL _n8 _r0 _sY _tBOOK _u2015-6-25 _xTEOLOGIA _zUNKNOWN _0COMPRA _o.STAFF. Colección General |
||
| 994 |
_aC0 _bPEPRU |
||
| 596 | _a1 | ||
| 999 |
_a270.6 G69 _wDEWEY _c46071 _i56930 _d46071 _e2019-6-11 _f2021-11-11 _g5 _lCCODEBUL1 _mBUL _n19 _p10.00 _q11 _r0 _sY _tBOOK _u2015-6-25 _xTEOLOGIA _PP35 _0COMPRA _o.STAFF. Colección Teología |
||
| 999 |
_a270.6 G69 _wDEWEY _c2 _i57351 _d2019-6-25 _e2019-6-20 _f2021-11-11 _g5 _lCCODEBUL1 _mBUL _n13 _p55.00 _q12 _r0 _sY _tBOOK _u2015-6-25 _xTEOLOGIA _PP35 _0COMPRA _o.STAFF. Colección Teología |
||
| 999 |
_a270.6 G69 _wDEWEY _c3 _i57668 _d2019-10-21 _e2019-10-18 _f2021-11-11 _g5 _lCCODEBUL1 _mBUL _n15 _p18.99 _q9 _r0 _sY _tBOOK _u2015-6-25 _xTEOLOGIA _PP35 _0COMPRA _o.STAFF. Colección Teología |
||
| 980 |
_81 _gALBERTO SANCHEZ Responsable de Automatización |
||